[Event "Online Olym Div3 D 2020"]
[Site "chess.com INT"]
[Date "2020.07.07"]
[Round "1.5"]
[Board "1"]
[White "Zambrana, Oswaldo"]
[Black "Hoffman, Alejandro"]
[Result "1/2-1/2"]
[WhiteTitle "GM"]
[BlackTitle "GM"]
[WhiteElo "2438"]
[BlackElo "2474"]
[WhiteTeam "Bolivia"]
[BlackTeam "Uruguay"]
[WhiteFideId "3300200"]
[BlackFideId "100340"]
[EventDate "2020.07.07"]
[EventType "team"]

1. e4 c5 2. Nf3 g6 3. d4 Bg7 4. Nc3 cxd4 5. Nxd4 Nc6 6. Be3 Nf6 7. Bc4 Qa5 8.
O-O O-O 9. Nb3 Qc7 10. Bg5 a6 11. Re1 d6 12. Bxf6 exf6 13. Nd5 Qd8 14. c3 f5 15.
Bd3 fxe4 16. Bxe4 Re8 17. Bf3 Be6 18. Nf4 Be5 19. Nxe6 fxe6 20. Nd4 Bxd4 21.
cxd4 d5 22. Bg4 Qf6 23. Qa4 Nxd4 24. Rac1 Re7 25. h3 Rf8 26. Rf1 h5 27. Bd1 Qf4
28. Ra1 Ref7 29. Qa5 Nc6 30. Qe1 Rf6 31. Bc2 Kg7 32. Rd1 Qe5 33. Qxe5 Nxe5 34.
f3 Nc4 35. Rf2 b5 36. b3 Nd6 37. Bd3 Rc8 38. a4 Rc3 39. Rb2 Rf7 40. Bf1 Rfc7 41.
axb5 axb5 42. Ra1 Kf6 43. Ra6 Ke7 44. b4 Rc1 45. Kf2 R7c2+ 46. Rxc2 Rxc2+ 47.
Kg3 Rb2 48. Kf4 Nf7 49. Bd3 Rxb4+ 50. Ke3 Ne5 51. Be2 Rb3+ 52. Kd4 Kf6 53. f4
Nc4 54. g4 Rxh3 55. g5+ Kf5 56. Bd3+ Kxf4 57. Rxe6 Kxg5 58. Rxg6+ Kh4 59. Rg8
Rg3 60. Rd8 Rg5 61. Rxd5 Rxd5+ 62. Kxd5 Kg3 63. Kc5 h4 64. Kxb5 Nd2 65. Bf5 Kf4
66. Bh3 Ne4 67. Kc4 Kg3 68. Be6 Nf6 69. Kd3 Ng4 70. Bxg4 Kxg4 71. Ke2 h3 72. Kf1
h2 73. Kg2 h1=Q+ 74. Kxh1 1/2-1/2

[Event "Online Olym Div3 D 2020"]
[Site "chess.com INT"]
[Date "2020.07.07"]
[Round "1.5"]
[Board "2"]
[White "Roselli Mailhe, Bernardo"]
[Black "Gemy, Jose Daniel"]
[Result "1-0"]
[WhiteTitle "IM"]
[BlackTitle "IM"]
[WhiteElo "2429"]
[BlackElo "2380"]
[WhiteTeam "Uruguay"]
[BlackTeam "Bolivia"]
[WhiteFideId "3000028"]
[BlackFideId "3301478"]
[EventDate "2020.07.07"]
[EventType "team"]

1. d4 Nf6 2. c4 e6 3. Nf3 b6 4. a3 Bb7 5. Nc3 g6 6. Bg5 h6 7. Bh4 Bg7 8. e3 d6
9. h3 Nbd7 10. Qc2 Qe7 11. Be2 O-O 12. O-O g5 13. Bg3 e5 14. Rad1 e4 15. Nd2 a6
16. b4 Rae8 17. Rfe1 Nh7 18. Nd5 Bxd5 19. cxd5 f5 20. Bxa6 Ndf6 21. Rc1 Rf7 22.
Be2 Kh8 23. a4 h5 24. h4 Ng4 25. hxg5 Qxg5 26. Nf1 Rg8 27. f4 Qg6 28. Bxg4 Qxg4
29. Qe2 Qg6 30. a5 bxa5 31. bxa5 Bf6 32. a6 h4 33. Bh2 Rfg7 34. Rc2 Ra8 35. Ra1
Qf7 36. Qc4 Ra7 37. Rb1 Nf8 38. Rb7 Ra8 39. a7 Nd7 40. Qxc7 Kh7 41. Qc6 Qg8 42.
Rxd7 Rxa7 43. Rxa7 Rxa7 44. Qxd6 Bg7 45. Qe6 Qf8 46. Rc8 Qb4 47. Qxf5+ 1-0

[Event "Online Olym Div3 D 2020"]
[Site "chess.com INT"]
[Date "2020.07.07"]
[Round "1.5"]
[Board "3"]
[White "Cordero, Daniela"]
[Black "de Leon, Patricia"]
[Result "1/2-1/2"]
[WhiteTitle "WIM"]
[BlackTitle "WFM"]
[WhiteElo "2010"]
[BlackElo "2004"]
[WhiteTeam "Bolivia"]
[BlackTeam "Uruguay"]
[WhiteFideId "3301630"]
[BlackFideId "3000273"]
[EventDate "2020.07.07"]
[EventType "team"]

1. d4 Nf6 2. Nf3 g6 3. Bg5 Bg7 4. Nbd2 O-O 5. c3 d6 6. e4 Nbd7 7. Bc4 e5 8. dxe5
dxe5 9. O-O c6 10. a4 Qc7 11. a5 b5 12. axb6 Nxb6 13. Ba6 Be6 14. Qe2 h6 15. Bh4
Nh5 16. Bg3 Rad8 17. Nc4 Nxg3 18. hxg3 Rd7 19. Ne3 Rfd8 20. Rfd1 Rxd1+ 21. Rxd1
Rxd1+ 22. Qxd1 f5 23. exf5 gxf5 24. Nh4 f4 25. Nef5 Nd5 26. Nxg7 Kxg7 27. Qh5
Qf7 28. Qxe5+ Qf6 29. Qxf6+ Kxf6 30. gxf4 Nxf4 31. Nf3 Bb3 32. Nd4 Bd5 33. f3 c5
34. Ne2 Ne6 35. Kf2 c4 36. Bc8 Nc5 37. Nf4 Bf7 38. Ke3 Na4 39. Kd4 Nxb2 40. Ba6
Kg5 41. g3 h5 42. Nd5 h4 43. gxh4+ Kxh4 44. Bxc4 Nxc4 45. Kxc4 Kg5 46. Kd4 a5
47. Nb6 Kf4 48. Kc5 Kxf3 49. Kb5 Ke4 50. Kxa5 Kd3 51. Kb4 Bg8 52. Na4 Bf7 53.
Nc5+ Ke3 54. Nd7 Ke4 55. Nc5+ Ke5 56. Nd3+ Kd6 57. Nf4 Ke5 58. Nd3+ Kd6 59. Nf4
Ke5 60. Nd3+ 1/2-1/2

[Event "Online Olym Div3 D 2020"]
[Site "chess.com INT"]
[Date "2020.07.07"]
[Round "1.5"]
[Board "4"]
[White "Silva Rosas, Natalia"]
[Black "Molina, Jessica"]
[Result "1/2-1/2"]
[WhiteTitle "WCM"]
[BlackTitle "WFM"]
[WhiteElo "1771"]
[BlackElo "1834"]
[WhiteTeam "Uruguay"]
[BlackTeam "Bolivia"]
[WhiteFideId "3000575"]
[BlackFideId "3303888"]
[EventDate "2020.07.07"]
[EventType "team"]

1. e4 e6 2. d3 d5 3. Nd2 c5 4. Ngf3 Nc6 5. g3 Nf6 6. Bg2 Be7 7. O-O Qc7 8. Re1
O-O 9. Nf1 dxe4 10. dxe4 Rd8 11. Qe2 e5 12. c3 Bg4 13. h3 Bh5 14. g4 Bg6 15. Ng3
a6 16. Nh4 b5 17. Nhf5 Rac8 18. Nxe7+ Nxe7 19. Bg5 c4 20. Bxf6 gxf6 21. h4 h6
22. Rad1 Qa5 23. a3 Qb6 24. Nf5 Bxf5 25. exf5 Rxd1 26. Rxd1 Rd8 27. Be4 Kg7 28.
Kg2 Rxd1 29. Qxd1 Qc7 30. Qd2 Nc8 31. g5 hxg5 32. hxg5 Qd6 33. Qe3 Qe7 34. gxf6+
Qxf6 35. Qg3+ Kf8 36. Qe3 Kg7 37. Kf1 Nd6 38. Qf3 Qg5 39. f6+ Qxf6 40. Qg3+ Kf8
41. Bc6 Nf5 42. Qf3 Ne3+ 43. fxe3 Qd6 44. Qd5 Qf6+ 45. Ke2 Qg6 46. Qe4 Qh5+ 47.
Qf3 Qh2+ 48. Qg2 Qh5+ 49. Bf3 Qf5 50. Be4 Qh5+ 51. Kd2 Qh6 52. Qf3 Qh2+ 53. Qg2
Qh6 54. Bd5 Qf6 55. Ke1 Qh4+ 56. Qf2 Qh7 57. e4 Qh5 58. Qc5+ Kg7 59. Qg1+ Kf8
60. Qg2 Qh4+ 61. Ke2 Qh5+ 62. Qf3 Qh2+ 63. Ke3 Qh6+ 64. Ke2 Qh2+ 65. Qf2 Qh5+
66. Kd2 Qg5+ 67. Kc2 f6 68. Qc5+ Kg7 69. Qe7+ Kh6 70. Qf8+ Kh5 71. Bf7+ Kg4 72.
Qg8 Kf3 73. Qxg5 fxg5 74. Bh5+ Kxe4 75. Kd2 Kf4 76. Ke2 g4 77. Kf2 e4 78. Bf7
g3+ 79. Kg2 e3 80. Bh5 e2 81. Bxe2 Ke3 82. Bf3 Kd2 83. Bb7 Kc2 84. Bxa6 Kxb2 85.
Bxb5 Kxa3 86. Bxc4 Kb2 87. Bd5 Kxc3 88. Kxg3 1/2-1/2

[Event "Online Olym Div3 D 2020"]
[Site "chess.com INT"]
[Date "2020.07.07"]
[Round "1.5"]
[Board "5"]
[White "Bolanos, Fernando"]
[Black "Vazquez, Facundo"]
[Result "1-0"]
[WhiteTitle "CM"]
[BlackTitle "CM"]
[WhiteElo "2287"]
[BlackElo "2207"]
[WhiteTeam "Bolivia"]
[BlackTeam "Uruguay"]
[WhiteFideId "3304094"]
[BlackFideId "3007669"]
[EventDate "2020.07.07"]
[EventType "team"]

1. e4 e6 2. d4 d5 3. e5 c5 4. c3 Nc6 5. Nf3 Qb6 6. a3 f6 7. b4 fxe5 8. Nxe5 Nxe5
9. dxe5 a5 10. Bd3 Ne7 11. bxc5 Qxc5 12. O-O g6 13. a4 Qc7 14. f4 Nc6 15. Na3
Bc5+ 16. Kh1 O-O 17. Nb5 Qe7 18. Ba3 Bd7 19. Nd6 Bxa3 20. Rxa3 Nd8 21. c4 Nf7
22. Nxf7 Qxa3 23. Ng5 Qxa4 24. Qg4 Rae8 25. Nxh7 Kg7 26. Qxg6+ Kh8 27. Nf6 Re7
28. Qh6+ 1-0

[Event "Online Olym Div3 D 2020"]
[Site "chess.com INT"]
[Date "2020.07.07"]
[Round "1.5"]
[Board "6"]
[White "Malan, Lucia"]
[Black "Monroy G., Nataly A."]
[Result "0-1"]
[WhiteTitle "WCM"]
[BlackTitle "WIM"]
[WhiteElo "1741"]
[BlackElo "1957"]
[WhiteTeam "Uruguay"]
[BlackTeam "Bolivia"]
[WhiteFideId "3007570"]
[BlackFideId "3304019"]
[EventDate "2020.07.07"]
[EventType "team"]

1. e4 c5 2. Nf3 Nc6 3. d4 cxd4 4. Nxd4 g6 5. Nc3 Bg7 6. Nb3 Nf6 7. g4 d6 8. g5
Nd7 9. h4 a5 10. a4 Nde5 11. Be2 Be6 12. Be3 Nc4 13. Bxc4 Bxc4 14. Qd2 Ne5 15.
Nd4 Ba6 16. O-O-O Nc4 17. Qe1 Rc8 18. h5 Qb6 19. b3 Nxe3 20. fxe3 Qc5 21. Kb2
Qxg5 22. hxg6 hxg6 23. Rxh8+ Bxh8 24. Qh1 Bf6 25. Nd5 e6 26. Qh3 Be2 27. Nxf6+
Qxf6 28. Rd2 Ba6 29. Rh2 Ke7 30. c3 Bd3 31. Qg3 Bxe4 32. Rf2 Qe5 33. Qh4+ g5 34.
Qh5 Bg6 35. Qf3 Rh8 36. Qxb7+ Kf8 37. Qa8+ Kg7 38. Qf3 Rh2 39. Nc6 Rxf2+ 40.
Qxf2 Qe4 41. Nxa5 Qb1+ 42. Ka3 Qa1+ 43. Kb4 Qd1 44. Nc4 Qd5 45. e4 Qc5+ 46. Qxc5
dxc5+ 47. Kxc5 Bxe4 48. Nd6 Bf3 49. b4 g4 50. Kd4 g3 51. Ke3 g2 52. Kf2 e5 53.
Nf5+ Kf6 54. Ne3 Ke6 55. Nxg2 Bd5 56. Ne3 Bb7 57. c4 f5 58. b5 f4 59. Nc2 e4 0-1

[Event "Online Olym Div3 D 2020"]
[Site "chess.com INT"]
[Date "2020.07.07"]
[Round "2.1"]
[Board "1"]
[White "Bouzidi, Ahmed"]
[Black "Diaz Hollemaert, Nahuel"]
[Result "1-0"]
[WhiteTitle "CM"]
[BlackTitle "IM"]
[WhiteElo "2150"]
[BlackElo "2441"]
[WhiteTeam "Tunisia"]
[BlackTeam "Uruguay"]
[WhiteFideId "5501733"]
[BlackFideId "104019"]
[EventDate "2020.07.07"]
[EventType "team"]

1. e4 e5 2. Nf3 Nc6 3. Bb5 a6 4. Bxc6 dxc6 5. O-O Qe7 6. d4 exd4 7. Qxd4 Bg4 8.
Nbd2 c5 9. Qd5 c6 10. Qb3 Qc7 11. h3 Be6 12. c4 O-O-O 13. Qc3 Nf6 14. Ng5 Bd6
15. Ndf3 Ne8 16. Nxe6 fxe6 17. Ng5 Qe7 18. e5 Bc7 19. Be3 h6 20. Ne4 b6 21. a3
Rf8 22. b4 Rf5 23. f4 g5 24. bxc5 gxf4 25. Nd6+ Bxd6 26. cxd6 Qg7 27. Bxf4 Nxd6
28. Qf3 Ne8 29. Qxc6+ Nc7 30. Bh2 Rg5 31. Rad1 Rg8 32. Rf2 Rh5 33. Rb2 b5 34.
cxb5 axb5 35. Rc2 Rg5 36. Qa8# 1-0

[Event "Online Olym Div3 D 2020"]
[Site "chess.com INT"]
[Date "2020.07.07"]
[Round "2.1"]
[Board "2"]
[White "Michailov, Matias"]
[Black "Zaibi, Amir"]
[Result "0-1"]
[BlackTitle "GM"]
[WhiteElo "2263"]
[BlackElo "2383"]
[WhiteTeam "Uruguay"]
[BlackTeam "Tunisia"]
[WhiteFideId "3001571"]
[BlackFideId "5500796"]
[EventDate "2020.07.07"]
[EventType "team"]

1. e4 c5 2. Nf3 e6 3. d4 cxd4 4. Nxd4 Nc6 5. Nc3 Qc7 6. Be3 a6 7. Be2 Nf6 8. O-O
Bb4 9. Na4 Be7 10. Nxc6 bxc6 11. Nb6 Rb8 12. Nxc8 Qxc8 13. Bd4 c5 14. Be5 Rb6
15. Qd3 Qc6 16. Bf3 c4 17. Qe3 Rb5 18. Bc3 Qc7 19. a4 Rc5 20. Bd4 e5 21. Bxc5
Bxc5 22. Qe2 O-O 23. Rfd1 a5 24. c3 Rb8 25. Rd2 d6 26. g3 Nd7 27. Kg2 Nb6 28. h4
Qc6 29. h5 h6 30. Bg4 Qc7 31. Bf5 Qe7 32. Qg4 Qe8 33. f4 exf4 34. gxf4 Nxa4 35.
Qe2 Qb5 36. Kf3 Qb3 37. Rxa4 Qxa4 38. e5 Re8 39. Qe4 Qa1 40. Qe2 Qh1+ 41. Qg2
Qxh5+ 42. Bg4 Qh4 43. Re2 dxe5 44. fxe5 Qg5 45. Qg3 Qc1 46. Bh3 Rd8 47. e6 Rd3+ 0-1

[Event "Online Olym Div3 D 2020"]
[Site "chess.com INT"]
[Date "2020.07.07"]
[Round "2.1"]
[Board "3"]
[White "Miladi, Amen"]
[Black "Silva Rosas, Natalia"]
[Result "0-1"]
[WhiteTitle "WFM"]
[BlackTitle "WCM"]
[WhiteElo "1784"]
[BlackElo "1771"]
[WhiteTeam "Tunisia"]
[BlackTeam "Uruguay"]
[WhiteFideId "5503779"]
[BlackFideId "3000575"]
[EventDate "2020.07.07"]
[EventType "team"]

1. e4 c5 2. Nf3 e6 3. d4 cxd4 4. Nxd4 a6 5. Bd3 Bc5 6. Nb3 Ba7 7. a4 Nc6 8. Nc3
Nf6 9. O-O Qc7 10. Kh1 Bb8 11. f4 d6 12. Qe2 Nb4 13. Bd2 Nxd3 14. cxd3 b6 15.
Rac1 Qd7 16. d4 Bb7 17. e5 dxe5 18. dxe5 Nd5 19. Ne4 Qxa4 20. Qf3 O-O 21. Ra1
Qd7 22. Qh5 f5 23. Ng5 h6 24. Rf3 Qe8 25. Qh4 hxg5 26. fxg5 Qg6 27. Nd4 Bxe5 28.
Ne2 Kf7 29. Bf4 Rh8 30. Qf2 Nxf4 31. Nxf4 Qxg5 32. Rd1 Bxf3 33. Nxe6 0-1

[Event "Online Olym Div3 D 2020"]
[Site "chess.com INT"]
[Date "2020.07.07"]
[Round "2.1"]
[Board "4"]
[White "Roepke, Sofia"]
[Black "Ayed, Ranim"]
[Result "1-0"]
[WhiteElo "1589"]
[BlackElo "1406"]
[WhiteTeam "Uruguay"]
[BlackTeam "Tunisia"]
[WhiteFideId "3006360"]
[BlackFideId "5505283"]
[EventDate "2020.07.07"]
[EventType "team"]

1. e4 d6 2. Nf3 Nf6 3. Nc3 g6 4. d4 Bg7 5. h3 O-O 6. Bc4 Nxe4 7. Nxe4 d5 8. Bd3
dxe4 9. Bxe4 Nd7 10. c3 e5 11. O-O exd4 12. Nxd4 Nc5 13. Bf3 c6 14. Be3 Ne6 15.
Nxe6 Bxe6 16. Qa4 a6 17. Qb4 Qc8 18. Bb6 Re8 19. Rfd1 Bf8 20. Qf4 Bg7 21. a3 Bf8
22. Rd2 Be7 23. Rad1 1-0

[Event "Online Olym Div3 D 2020"]
[Site "chess.com INT"]
[Date "2020.07.07"]
[Round "2.1"]
[Board "5"]
[White "Elayeb, Med Yessine"]
[Black "Suarez, Pedro"]
[Result "1-0"]
[BlackTitle "CM"]
[WhiteElo "1617"]
[BlackElo "2070"]
[WhiteTeam "Tunisia"]
[BlackTeam "Uruguay"]
[WhiteFideId "5506433"]
[BlackFideId "3007642"]
[EventDate "2020.07.07"]
[EventType "team"]

1. d4 Nf6 2. Nf3 g6 3. g3 Bg7 4. Bg2 O-O 5. O-O d6 6. c4 Nbd7 7. Nc3 e5 8. e4
exd4 9. Nxd4 Re8 10. Be3 Nc5 11. Qc2 a5 12. h3 c6 13. Rfe1 a4 14. Rab1 Nfd7 15.
Nde2 Ne5 16. Red1 Qc7 17. b3 axb3 18. axb3 f5 19. f4 Nf7 20. Bxc5 dxc5 21. e5
Be6 22. Nc1 Red8 23. Nd3 Bf8 24. Na4 Ra5 25. Bf3 Rd4 26. Kg2 b6 27. Qc3 Ra7 28.
Ra1 Nd8 29. b4 Rxc4 30. Qd2 Rd4 31. Qe3 Bc4 32. bxc5 bxc5 33. Naxc5 Rxa1 34.
Qxd4 Rxd1 35. Qxc4+ Qf7 36. Qxf7+ Kxf7 37. Bxd1 Ne6 38. Nxe6 Kxe6 39. Bb3+ Kd7
40. Kf3 Ba3 41. g4 Ke7 42. gxf5 gxf5 43. Bg8 h6 44. Kg3 c5 45. Kh4 Kf8 46. Be6
Kg7 47. Bxf5 c4 48. Nf2 Bc1 49. Kg4 c3 50. Be4 Be3 51. Nd1 Bd2 52. f5 Kf7 53.
Kf3 Ke7 54. Ke2 Kf7 55. Kd3 Bf4 56. e6+ Kf6 57. Nxc3 Bd6 58. Nb5 Be5 59. Kc4 Ke7
60. Kd5 Bb2 61. Nd6 Ba3 62. Nf7 Bc1 63. Nh8 Ba3 64. Ng6+ Kf6 65. e7 Bxe7 66.
Nxe7 Kxe7 67. Ke5 Kf7 68. f6 Kf8 69. Kf5 Kf7 70. Bd5+ Kf8 71. Kg6 h5 72. Kxh5
Ke8 73. Kg6 Kf8 74. h4 Ke8 75. h5 1-0

[Event "Online Olym Div3 D 2020"]
[Site "chess.com INT"]
[Date "2020.07.07"]
[Round "2.1"]
[Board "6"]
[White "Malan, Lucia"]
[Black "Chihi, Malek"]
[Result "1-0"]
[WhiteTitle "WCM"]
[BlackTitle "WCM"]
[WhiteElo "1741"]
[BlackElo "1664"]
[WhiteTeam "Uruguay"]
[BlackTeam "Tunisia"]
[WhiteFideId "3007570"]
[BlackFideId "5504430"]
[EventDate "2020.07.07"]
[EventType "team"]

1. e4 e5 2. Nf3 Nc6 3. Bb5 a6 4. Ba4 Nf6 5. O-O b5 6. Bb3 Be7 7. d4 d6 8. a4 Rb8
9. axb5 axb5 10. d5 Nb4 11. Nc3 Na6 12. Nxb5 Nc5 13. Qe2 Nfxe4 14. Ba4 Nxa4 15.
Rxa4 Nc5 16. Ra1 O-O 17. Be3 Ba6 18. Bxc5 Bxb5 19. c4 Bd7 20. Be3 Bg4 21. h3
Bxf3 22. Qxf3 Bf6 23. Qe2 Qc8 24. Ra7 Rb7 25. Rfa1 Qb8 26. Qd2 Rxb2 27. Qa5 Rb1+
28. Rxb1 Qxb1+ 29. Kh2 e4 30. Qxc7 Be5+ 31. g3 Qc2 32. Rb7 f5 33. Rb8 Rxb8 34.
Qxb8+ Kf7 35. Qc7+ Kg6 36. Qe7 Qxc4 37. Qe6+ Bf6 38. Qe8# 1-0

[Event "Online Olym Div3 D 2020"]
[Site "chess.com INT"]
[Date "2020.07.07"]
[Round "2.2"]
[Board "1"]
[White "Zilleruelo Irizarry, Diego"]
[Black "Zambrana, Oswaldo"]
[Result "1-0"]
[BlackTitle "GM"]
[WhiteElo "2081"]
[BlackElo "2438"]
[WhiteTeam "Puerto Rico"]
[BlackTeam "Bolivia"]
[WhiteFideId "3101460"]
[BlackFideId "3300200"]
[EventDate "2020.07.07"]
[EventType "team"]

1. e4 c5 2. Nf3 Nc6 3. Bb5 d6 4. d4 cxd4 5. Qxd4 Bd7 6. Bxc6 Bxc6 7. c4 Nf6 8.
Nc3 e6 9. O-O Be7 10. b3 O-O 11. Bb2 a6 12. Rfe1 e5 13. Qd3 Re8 14. Nd5 Bf8 15.
Nxf6+ Qxf6 16. a4 a5 17. Rad1 g6 18. Nd2 Qg5 19. Nb1 Ra6 20. Bc1 Qh4 21. Nc3 f5
22. Nd5 Qd8 23. exf5 Bxd5 24. Qxd5+ Kh8 25. fxg6 Rb6 26. Re3 Qf6 27. gxh7 Qe6
28. Qe4 Bh6 29. Rg3 Bxc1 30. Rxc1 Rf8 31. Qe3 Rc6 32. Qg5 Rc7 33. Qg8+ Rxg8 34.
hxg8=Q+ Qxg8 35. Rxg8+ Kxg8 36. Rd1 Rc6 37. f3 Kf7 38. Kf2 Ke6 39. Ke3 Rc8 40.
h4 Rh8 41. Rh1 1-0

[Event "Online Olym Div3 D 2020"]
[Site "chess.com INT"]
[Date "2020.07.07"]
[Round "2.2"]
[Board "2"]
[White "Gemy, Jose Daniel"]
[Black "Davila Blanco, Juan Jose"]
[Result "1-0"]
[WhiteTitle "IM"]
[BlackTitle "CM"]
[WhiteElo "2380"]
[BlackElo "2047"]
[WhiteTeam "Bolivia"]
[BlackTeam "Puerto Rico"]
[WhiteFideId "3301478"]
[BlackFideId "3102378"]
[EventDate "2020.07.07"]
[EventType "team"]

1. e4 e6 2. d4 d5 3. Nd2 c5 4. exd5 exd5 5. Ngf3 Nf6 6. Bb5+ Bd7 7. Bxd7+ Nbxd7
8. O-O Be7 9. dxc5 Nxc5 10. Nb3 O-O 11. Nxc5 Bxc5 12. Bg5 Be7 13. Re1 h6 14. Bh4
Re8 15. Qd4 g5 16. Bg3 Ne4 17. Rad1 Bf6 18. Be5 Bxe5 19. Nxe5 Nf6 20. c4 Qd6 21.
c5 Qa6 22. f4 Qxa2 23. fxg5 hxg5 24. Ra1 Qb3 25. Re3 Qc2 26. Rf1 Re6 27. Nxf7
Kxf7 28. Rxe6 Kxe6 29. Qxf6+ Kd7 30. Qd6+ 1-0

[Event "Online Olym Div3 D 2020"]
[Site "chess.com INT"]
[Date "2020.07.07"]
[Round "2.2"]
[Board "3"]
[White "Vazquez Maccarini, Danitza"]
[Black "Cordero, Daniela"]
[Result "0-1"]
[WhiteTitle "FM"]
[BlackTitle "WIM"]
[WhiteElo "2090"]
[BlackElo "2010"]
[WhiteTeam "Puerto Rico"]
[BlackTeam "Bolivia"]
[WhiteFideId "3101193"]
[BlackFideId "3301630"]
[EventDate "2020.07.07"]
[EventType "team"]

1. e4 e6 2. d4 d5 3. Nd2 a6 4. e5 c5 5. c3 Nc6 6. Ngf3 Nge7 7. Bd3 cxd4 8. cxd4
Nf5 9. Bxf5 exf5 10. Nb3 Be7 11. O-O O-O 12. Ne1 a5 13. f4 a4 14. Nc5 Qa5 15.
Be3 Bxc5 16. dxc5 d4 17. Bf2 Qxc5 18. Nf3 Rd8 19. Rc1 Qb6 20. Rc4 Be6 21. Rxa4
Rxa4 22. Qxa4 Qxb2 23. Rd1 Bxa2 24. Rd2 Qb1+ 25. Be1 Bd5 26. Kf2 Qe4 27. Re2
Qxf4 28. Bd2 Qg4 29. h3 Qg6 30. Ba5 Re8 31. Qb5 Bxf3 32. gxf3 f4 33. Ke1 Qg3+
34. Kd2 Qxf3 35. Qxb7 Qd5 36. Bb6 g5 37. Qa6 Rxe5 38. Rxe5 Nxe5 39. Qc8+ Kg7 40.
Bd8 h6 41. Qa6 Qe6 42. Qb5 Nf3+ 43. Kc2 Qe4+ 44. Kb2 d3 45. Ba5 d2 46. Bc3+ f6
47. Qd7+ Kg6 48. Bxd2 Nxd2 49. Qxd2 Qe5+ 50. Kb3 Qe6+ 51. Kb4 Qxh3 52. Qc2+ Qf5
53. Qc6 g4 54. Qe8+ Kg5 55. Qg8+ Kh4 56. Qf8 h5 57. Qe7 Qe5 58. Qb7 g3 59. Qh1+
Kg4 60. Qd1+ f3 61. Qd7+ Kh4 62. Qd1 g2 63. Ka4 Qf4+ 64. Ka5 f2 65. Qd7 f1=Q 66.
Qd4 Qf2 67. Qd8 Qf5+ 68. Ka6 Qa2+ 69. Kb7 Qb3+ 70. Kc6 Qa4+ 71. Kb7 Qab5+ 72.
Ka8 Qfd5+ 73. Ka7 Qa5+ 74. Qxa5 Qxa5+ 0-1

[Event "Online Olym Div3 D 2020"]
[Site "chess.com INT"]
[Date "2020.07.07"]
[Round "2.2"]
[Board "4"]
[White "Molina, Jessica"]
[Black "Morales Santos, Natasha"]
[Result "0-1"]
[WhiteTitle "WFM"]
[BlackTitle "WIM"]
[WhiteElo "1834"]
[BlackElo "1949"]
[WhiteTeam "Bolivia"]
[BlackTeam "Puerto Rico"]
[WhiteFideId "3303888"]
[BlackFideId "3101703"]
[EventDate "2020.07.07"]
[EventType "team"]

1. f4 d5 2. e3 c6 3. Nf3 Bg4 4. Be2 e6 5. b3 f5 6. Bb2 Nf6 7. Ne5 Bxe2 8. Qxe2
Bd6 9. d3 Nbd7 10. Nd2 O-O 11. Ndf3 Qa5+ 12. Qd2 Qxd2+ 13. Kxd2 Rad8 14. Ng5
Rde8 15. h3 Bb4+ 16. c3 Bd6 17. Ngf3 Rd8 18. Rhg1 Bc7 19. g4 Nxe5 20. fxe5 Nd7
21. Ng5 Nxe5 22. Nxe6 Nf3+ 23. Kc2 Nxg1 24. Rxg1 fxg4 25. Nxf8 Rxf8 26. Rxg4
Rf2+ 27. Kb1 Re2 28. e4 dxe4 29. Rxe4 Rxe4 30. dxe4 Be5 31. Kc2 Kf7 32. Kd3 Kf6
33. Bc1 g5 34. Be3 a6 35. a4 h5 36. b4 g4 37. hxg4 h4 38. Ke2 Bxc3 39. Bc5 Be5
40. Kf3 b5 41. axb5 cxb5 42. Bf2 h3 43. Bh4+ Kg6 44. Bf2 h2 45. Kg2 Kg5 46. Be3+
Kxg4 47. Bd2 h1=Q+ 48. Kxh1 Kf3 49. Kg1 Kxe4 50. Kf1 Kd3 51. Ke1 Bc3 52. Kd1 Kc4
53. Bg5 Kb3 54. Kc1 Bxb4 55. Kb1 a5 56. Ka1 a4 57. Bc1 a3 58. Bf4 Bc3+ 59. Kb1
a2+ 60. Kc1 a1=Q# 0-1

[Event "Online Olym Div3 D 2020"]
[Site "chess.com INT"]
[Date "2020.07.07"]
[Round "2.2"]
[Board "5"]
[White "Garcia Figueroa, Nathaniel I."]
[Black "Bolanos, Fernando"]
[Result "0-1"]
[BlackTitle "CM"]
[WhiteElo "1341"]
[BlackElo "2287"]
[WhiteTeam "Puerto Rico"]
[BlackTeam "Bolivia"]
[WhiteFideId "3108228"]
[BlackFideId "3304094"]
[EventDate "2020.07.07"]
[EventType "team"]

1. e4 c5 2. Nf3 Nc6 3. Bb5 d6 4. Nc3 Bd7 5. O-O g6 6. d4 cxd4 7. Nxd4 Bg7 8.
Bxc6 bxc6 9. b3 Nf6 10. Bb2 c5 11. Nf3 Nxe4 12. Nxe4 Bxb2 13. Rb1 Bg7 14. Re1
O-O 15. c4 Bc6 16. Qe2 a5 17. a4 Rb8 18. Qe3 Bxe4 19. Qxe4 Bf6 20. Nd2 Rb4 21.
Qf3 Qa8 22. Ne4 Bg7 23. Qh3 Qc8 24. Qh4 Qb7 25. Ng5 h6 26. Ne4 Rb8 27. Nd2 e6
28. Qg3 Be5 29. Qg4 Qe7 30. h3 Bc3 31. Qe2 Kh7 32. Qd1 Bd4 33. Re2 Qf6 34. Nf3
Kg7 35. Rd2 e5 36. Qc2 Qe7 37. Re2 Qb7 38. Nd2 f5 39. Nf3 Rxb3 40. Rxb3 Qxb3 41.
Qxb3 Rxb3 42. Nd2 Rb4 43. Re1 Rxa4 44. Rb1 Ra1 45. Rxa1 Bxa1 46. Nb3 Bc3 47. Kf1
a4 48. Ke2 axb3 49. Kd3 Bd4 50. f3 e4+ 51. fxe4 fxe4+ 0-1

[Event "Online Olym Div3 D 2020"]
[Site "chess.com INT"]
[Date "2020.07.07"]
[Round "2.3"]
[Board "1"]
[White "Boidiya, Sidi"]
[Black "Blanco Acevedo, Cristobal Jose"]
[Result "1-0"]
[WhiteTitle "FM"]
[BlackTitle "IM"]
[WhiteElo "2040"]
[BlackElo "2361"]
[WhiteTeam "Mauritania"]
[BlackTeam "Venezuela"]
[WhiteFideId "19600100"]
[BlackFideId "3900525"]
[EventDate "2020.07.07"]
[EventType "team"]

1. e4 c5 2. Nf3 Nc6 3. Bb5 e6 4. O-O Nge7 5. Re1 Ng6 6. c3 a6 7. Bf1 d5 8. exd5
Qxd5 9. d4 b5 10. a4 Rb8 11. axb5 axb5 12. c4 bxc4 13. Nc3 Qd8 14. d5 Nb4 15.
Bxc4 Be7 16. dxe6 Bxe6 17. Bxe6 Qxd1 18. Bxf7+ Kxf7 19. Rxd1 h6 20. Ne1 Rb7 21.
Be3 Rc8 22. Ne4 c4 23. Rac1 Ne5 24. Bd4 Nec6 25. Bc3 Na2 26. Rc2 Ncb4 27. Rcd2
Nxc3 28. bxc3 Nc6 29. Nd6+ Bxd6 30. Rxd6 Rb3 31. Nf3 Kg8 32. Rc1 Ra3 33. Nd4 Ne5
34. Nf5 Rc7 35. g3 Nd3 36. Rb1 Rxc3 37. Rb8+ Kh7 38. Rdd8 Rc1+ 39. Kg2 Rc2 40.
Nh4 g5 41. Rh8+ Kg7 42. Rbg8+ Kf7 43. Rf8+ Ke7 44. Nf5+ Kd7 45. Rh7+ Ke6 46.
Nd4+ Ke5 47. Rxc7 Kxd4 48. Rh7 g4 49. Rxh6 Ne1+ 50. Kf1 Nf3 51. Rf4+ Kd3 52.
Rxg4 Rc1+ 53. Kg2 Ne1+ 54. Kh3 c3 55. Rc6 c2 56. Rgc4 Rd1 57. Kg4 Rd2 58. f4
Rxh2 59. f5 Ng2 60. Rc3+ Kd4 61. R3c4+ Kd3 62. Rc3+ Kd4 63. f6 Ne3+ 64. Kg5 Rf2
65. Kg6 Rf3 66. g4 Rf1 67. Rxc2 Nxg4 68. R2c4+ Kd5 69. Rxg4 Kxc6 70. Re4 Kd5 71.
Re2 Rg1+ 72. Kf7 Ra1 73. Kg8 Rg1+ 74. Kf8 Kd6 75. Re7 Ra1 76. f7 Ra8+ 77. Re8
Ra2 78. Kg7 Rg2+ 79. Kh6 Rh2+ 80. Kg5 1-0